ბათუმის შოთა რუსთაველის სახელმწიფო უნივერსიტეტის ბიბლიოთეკა

ხატიჯე (ბიბ.ჩანაწერი № 42188)

000 -LEADER
fixed length control field 00611nam a2200217Ia 4500
001 - CONTROL NUMBER
control field 8881
003 - CONTROL NUMBER IDENTIFIER
control field GE_BSU
008 - FIXED-LENGTH DATA ELEMENTS--GENERAL INFORMATION
fixed length control field 181216s||||||||xx |||||||||||||| ||und||
040 ## - CATALOGING SOURCE
Transcribing agency GE_BSU
080 ## - UNIVERSAL DECIMAL CLASSIFICATION NUMBER
Universal Decimal Classification number 821.353.1–2
100 ## - MAIN ENTRY--PERSONAL NAME
Personal name კალაძე,კარლო
245 ## - TITLE STATEMENT
Title ხატიჯე
245 ## - TITLE STATEMENT
Remainder of title დრამა ოთხ მოქმედებათ
260 ## - PUBLICATION, DISTRIBUTION, ETC.
Place of publication, distribution, etc. ტფილისი
260 ## - PUBLICATION, DISTRIBUTION, ETC.
Name of publisher, distributor, etc. პ/სკ.სტ
260 ## - PUBLICATION, DISTRIBUTION, ETC.
Date of publication, distribution, etc. 1933
300 ## - PHYSICAL DESCRIPTION
Extent 80გვ.14სმ.
653 ## - INDEX TERM--UNCONTROLLED
Uncontrolled term დრამა ოთხ მოქმედებათ
653 ## - INDEX TERM--UNCONTROLLED
Uncontrolled term ხატიჯე
942 ## - ADDED ENTRY ELEMENTS (KOHA)
Koha item type წიგნი
ეგზემპლარები
Withdrawn status Lost status Damaged status Not for loan Date acquired Barcode Date last seen Price effective from Koha item type
        2018-12-17 31378 2018-12-17 2018-12-17 წიგნი
        2018-12-17 31379 2018-12-17 2018-12-17 წიგნი
        2018-12-17 31380 2018-12-17 2018-12-17 წიგნი
        2018-12-17 31381 2018-12-17 2018-12-17 წიგნი
        2018-12-17 31382 2018-12-17 2018-12-17 წიგნი
        2018-12-17 31383 2018-12-17 2018-12-17 წიგნი
        2018-12-17 31384 2018-12-17 2018-12-17 წიგნი